000
00263nam a2200097Ia 4500
001
787038
005
20250826170332.0
008
250824s9999 xx 000 0 und d
245
0
_a
LİSELİYİM DELİKANLIYIM
_c
AHMET MAHİR PEKŞEN
260
_b
GENÇ TİMAŞ YAYINLARI
999
_c
787038
_d
787038